000 00473cam a22001934a 4500
005 20250605164320.0
008 250528s ||||||||||||||||||||||||d
035 _a22893
020 _a9780201824193
040 _aGR-AtMCL
_bgre
_dGR-AtMCL
_eAACR2
245 1 _aOBJECT-ORIENTED PROGRAMMING
250 _a2
260 _bAddison-Wesley Publishing Company,
_c1997
300 _a452
700 1 _aBudd Timothy
_98531
942 _cBK
999 _c7937
_d7937